000 01120nam a22003737a 4500
001 0062575
003 KOHA_MİRAKIL
005 20260207004413.0
007 ta
008 180809b2017 tu |||gr||||#0|||1|tur |
020 _a9786053756453
040 _aTR-BiSEU
_btur
_cTR-BiSEU
_erda
041 0 _atur
044 _ctu
050 _aPQ2637.A82
_bB38 2017
100 1 _aSartre, Jean Paul.
245 1 _aBaudelaire/
_cJean Paul Sartre ; Jean Paul Sartre ; çeviren Alp Tümertekin.
264 1 _aİstanbul :
_bİthaki
_c2017
300 _a159 sayfa ;
_c23 cm.
336 _ametin
_btxt
_2rdacontent
337 _aaracısız
_bn
_2rdamedia
338 _acilt
_bnc
_2rdacarrier
490 1 _aİthak yayınlasrı ;
_v1188.
490 1 _aEdebiyat ;
_v195
500 _aÖzgün adı : Baudelaire.
650 0 _aFransız edebiyatı--Romanlar.
_9115947
650 0 _aFrench literature--Fiction.
_98627
650 0 _aFransız romanı.
_92075
650 0 _aFrench fiction.
_92076
830 1 _aİthak yayınlasrı ;
_v1188.
_9115948
830 1 _aEdebiyat ;
_v195
_95879
907 _aRoman
942 _2lcc
_cBK
999 _c62371
_d62371